| 000 | 00357nam a2200145Ia 4500 | ||
|---|---|---|---|
| 008 | 230312s9999||||xx |||||||||||||| ||und|| | ||
| 020 | _a9781118007594 | ||
| 082 |
_a005.268 _bWEN-X |
||
| 100 | _aBurd;D;Stephen | ||
| 245 | 0 | _aSystem Architecture 7e | |
| 260 |
_bWiley _aCanada _c2011 |
||
| 300 | _a583 | ||
| 650 |
_aComputer _vOperating System |
||
| 942 | _cBK | ||
| 999 |
_c16886 _d16886 |
||